| 000 | 00574nam a2200169 i 4500 | ||
|---|---|---|---|
| 001 | 50368 | ||
| 003 | ES-MaACL | ||
| 005 | 20230906162152.0 | ||
| 007 | t| | ||
| 008 | 030804s1952 sp ||||1| spa d | ||
| 100 | 1 |
_aCuevas Cancino, Francisco. _942106 |
|
| 245 | 1 | 3 |
_aLa doctrina de Suárez sobre el Derecho Natural / _cescrita por Francisco Cuevas Cancino. |
| 260 |
_aMadrid : _b[s.n., _c1952] ( _fImp. Juan Bravo) |
||
| 300 |
_a290 p. ; _c23 cm. |
||
| 500 | _aMemoria premiada por la Real Academia de Ciencias Morales y Políticas. | ||
| 852 |
_aES-MaACL _jD-6656 _bR.31902 |
||
| 999 |
_c50368 _d50368 |
||